| 000 | 00412nam a22001697a 4500 | ||
|---|---|---|---|
| 003 | LK-CoMWRAF | ||
| 005 | 20231017123054.0 | ||
| 008 | 231017b |||||||| |||| 00| 0 eng d | ||
| 040 |
_aLK-CoMWRAF _dLK-CoMWRAF _eLK-CoMWRAF |
||
| 041 | _aeng | ||
| 082 |
_a822.3 _bELI |
||
| 100 | _aEliot, T. S. | ||
| 245 | _aThree essays | ||
| 260 |
_aDehli : _bOxford University press, _c1974 |
||
| 650 | _aEssays | ||
| 942 | _cBK | ||
| 999 |
_c3908 _d3908 |
||